Biología de la guerra
Na minha lista:
| Autor principal: | |
|---|---|
| Formato: | Livro |
| Idioma: | espanhol |
| Publicado em: |
Santiago
Ercilla
1937
|
| Assuntos: | |
| Tags: |
Adicionar Tag
Sem tags, seja o primeiro a adicionar uma tag!
|
MARC
| LEADER | 00000nam a2200000 a 4500 | ||
|---|---|---|---|
| 001 | UCY2728 | ||
| 003 | CL-VaPUC | ||
| 008 | 941115e19370000CL |||||||||||||||||spa|d | ||
| 082 | 0 | 4 | |a 355.02 |b NIC |2 21 |
| 100 | |a Nicolay, Georg F. |e autor |9 330797 | ||
| 245 | 1 | 0 | |a Biología de la guerra |
| 300 | |a 580 p | ||
| 942 | |c BK | ||
| 945 | |d 19941115 00:00:00 |a mfernand | ||
| 260 | |a Santiago |b Ercilla |c 1937 | ||
| 650 | 7 | |a GUERRA ASPECTOS MORALES Y ETICOS |2 CL-VaPUC |9 330798 | |
| 650 | 0 | |a Historia |9 255047 | |
| 651 | 0 | |a Alemania |9 255688 | |
| 583 | |a last modification |c 19941115 00:00:00 |k Rodrigo Vera | ||
| 999 | |c 231059 |d 231057 | ||
| 952 | |0 0 |1 0 |4 0 |6 355_020000000000000_NIC_1937 |7 0 |8 X |9 233854 |a BIBHIS |b BIBHIS |d 2019-11-15 |i 3029182 |o 355.02 NIC 1937 |p 3029182 |r 2024-01-30 |w 2019-11-15 |y BK_X |k HIS | ||